000 00812nam a22002775a 4500
999 _c3257
_d233761
001 002904
003 armpunfd
005 20190408154524.0
008 140829s1999####ag############000#0#und#d
020 _a9508910356
080 _a347.235 Am 24
245 1 0 _aLey Nacional Registral Inmobiliaria 17801. Comentada Anotada /
250 _a2ยช Ed. Corregida. Actualizada y Ampliada.
260 _aBuenos Aires :
_bHammurabi,
_c1999.
300 _a734 P.
650 7 _aCertificados
_2LEMB
650 7 _aInscripcion Registral
_2LEMB
650 7 _aLey 17801
_2LEMB
650 7 _aRectificacion de Asientos
_2LEMB
650 7 _aRegistro de Propiedad Inmueble
_2LEMB
651 _2LEMB
700 1 _aAndorno, Luis O.
700 1 _aMarcolin de Andorno, Marta.
945 _acd
_d2014-08-29